| 000 | 01007cam a22003253i 4500 | ||
|---|---|---|---|
| 001 | 141382042 | ||
| 003 | OCoLC | ||
| 005 | 20180607140113.0 | ||
| 008 | 070608s1999 miu 000 0 eng d | ||
| 020 | _a0802846726 | ||
| 020 | _a9780802846723 | ||
| 035 | _a(OCoLC)141382042 | ||
| 040 |
_aYDXCP _beng _cYDX _dDEBSZ _dOCLCQ _dEXN |
||
| 043 | _an-us--- | ||
| 049 | _aEXNs | ||
| 100 | 1 | _aWells, David F. | |
| 245 | 1 | 0 |
_aLosing our virtue : _bwhy the church must recover its moral vision / _cDavid F. Wells. |
| 250 | _aPaperback edition, 1999. | ||
| 260 |
_aGrand Rapids : _bW.B. Eerdmans Pub Co, _cc1998. |
||
| 300 |
_axii, 228 p. ; _c23 cm. |
||
| 336 | _atext | ||
| 337 | _aunmediated | ||
| 338 | _avolume | ||
| 504 | _aIncludes bibliographical references (p. 211-222) and index. | ||
| 650 | 0 |
_aChristianity and culture _zUnited States. |
|
| 650 | 0 |
_aChristianity _zUnited States _y20th century. |
|
| 650 | 0 | _aChristian ethics. | |
| 651 | 0 |
_aUnited States _xMoral conditions. |
|
| 942 |
_2lcc _cBK |
||
| 999 |
_c42428 _d42428 |
||